Provincias Argentinas (Paises Limítrofes) - Estadísticas

Estadísticas generales
  • Esta prueba ha sido intentada 63 veces
    22 desde el último reinicio
  • La puntuación promedio es 16 de 17
Estadísticas de respuestas
Respuesta % Correcto
Corrientes
100%
Entre Rios
100%
Formosa
100%
Jujuy
100%
Buenos Aires (Isla Martin García)
94%
Chubut
94%
La Rioja
94%
Mendoza
94%
Misiones
94%
Rio Negro
94%
Tierra Del Fuego
94%
Catamarca
89%
Salta
89%
San Juan
89%
Santa Cruz
89%
Chaco
83%
Neuquén
83%
No se encontraron pruebas coincidentes
Distribución de puntuación
Porcentaje de gente con cada puntuación
Porcentaje por número respondido
Historial de tus puntuaciones
No has intentado esta prueba desde el último reinicio